El Castor Constructor : (Record no. 14565)

000 -CABECERA
fixed length control field 00866nam a22002177a 4500
003 - IDENTIFICADOR DEL NÚMERO DE CONTROL
control field AR-CdUCM
008 - DATOS DE LONGITUD FIJA--INFORMACIÓN GENERAL
fixed length control field 190423b ||||| |||| 00| 0 spa d
020 ## - NÚMERO INTERNACIONAL ESTÁNDAR DEL LIBRO
ISBN 978-9972-58-572-2
040 ## - FUENTE DE LA CATALOGACIÓN
Agencia/entidad que catalogó originalmente la obra MUNICIPALIDAD PROVINCIAL DEL CUSCO
Entidad que transcribió la catalogación BIBLIOTECA MUNICIPAL DEL CUSCO
082 ## - NÚMERO DE LA CLASIFICACIÓN DECIMAL DEWEY
No. de Clasificación PI / 803.08 /
Notacion interna B17
100 ## - ENTRADA PRINCIPAL--NOMBRE DE PERSONA
Nombre Personal Baldeos Venza, Karina
245 ## - MENCIÓN DE TÍTULO
Título El Castor Constructor :
Resto del título Cuéntame un cuento Miss Rosi 2 /
260 ## - PUBLICACIÓN, DISTRIBUCIÓN, ETC.
Lugar de publicación, distribución, etc. Lima :
Nombre de la editorial, distribuidor, etc. Edit. Septiembre SAC,
Fecha de publicación, distribución, etc. 2007.
300 ## - DESCRIPCIÓN FÍSICA
Nº de Páginas Extensión 6 cuentos ;
Otros detalles físicos Ilustraciones,
Dimensiones 19 cm.
Material acompañante CD.
505 ## - NOTA DE CONTENIDO CON FORMATO
Nota de contenido formateada Contenido : 1: El gallito que no canta -- 2: El mono feliz -- 3: Un avestruz optimista -- 4: El tiburón y sus amigos -- 5 :La estrellita de mar -- 6: El castor constructor /
650 ## - PUNTO DE ACCESO ADICIONAL DE MATERIA--TÉRMINO DE MATERIA
Descriptor Literatura infantil
9 (RLIN) 588
650 ## - PUNTO DE ACCESO ADICIONAL DE MATERIA--TÉRMINO DE MATERIA
Descriptor Cuento
9 (RLIN) 4671
650 ## - PUNTO DE ACCESO ADICIONAL DE MATERIA--TÉRMINO DE MATERIA
Descriptor Canción
9 (RLIN) 33307
942 ## - ELEMENTOS DE PUNTO DE ACCESO ADICIONAL (KOHA)
Fuente de clasificación
Tipo de item Libros-BMC
945 ## - PROCESAMIENTO DE INFORMACIÓN LOCAL (OCLC)
Catalogador rjall
AAAA-MM-DD - Fecha de ingreso o modificacion 2019-04-23
Holdings
Estado de retiro (separado) Fuente de clasificación o esquema de estanterías Estado dañado Ubicación Sala donde se ubica Nombre de la colección Fecha de adquisición o compra Costo, precio normal en soles Signatura topográfica Código de Barras Última vez visto (Koha) Tipo de ítem (Koha) Fuente de adquisición
No     Sala de Infantes Sala de Infantes Children's Area 2019-04-23 20.00 PI / 803.08 / B17 / V1 SI00002641 2019-04-23 Libros-BMC  
No     Sala de Infantes Sala de Infantes Children's Area 2019-04-23 20.00 PI / 803.08 / B17 / V2 SI00002642 2019-04-23 Libros-BMC  
No     Sala de Infantes Sala de Infantes Children's Area 2019-04-23 20.00 PI / 803.08 / B17 / V3 SI00002643 2019-04-23 Libros-BMC  
No     Sala de Infantes Sala de Infantes Children's Area 2019-04-23 20.00 PI / 803.08 / B17 / V4 SI00002644 2019-04-23 Libros-BMC  
No     Sala de Infantes Sala de Infantes Children's Area 2019-04-23 20.00 PI / 803.08 / B17 / V5 SI00002645 2019-04-23 Libros-BMC  
No     Sala de Infantes Sala de Infantes Children's Area 2019-04-23 20.00 PI / 803.08 / B17 / V6 SI00002646 2019-04-23 Libros-BMC  
No     Sala de Infantes Sala de Infantes Children's Area 2019-04-23 20.00 PI / 803.08 / B17 / V1 / e.2 SI00002647 2019-04-23 Libros-BMC  
No     Sala de Infantes Sala de Infantes Children's Area 2019-04-23 20.00 PI / 803.08 / B17 / V2 / e.2 SI00002648 2019-04-23 Libros-BMC  
No     Sala de Infantes Sala de Infantes Children's Area 2019-04-23 20.00 PI / 803.08 / B17 / V3 / e.2 SI00002649 2019-04-23 Libros-BMC  
No     Sala de Infantes Sala de Infantes Children's Area 2019-04-23 20.00 PI / 803.08 / B17 / V4 / e.2 SI00002650 2019-04-23 Libros-BMC  
No     Sala de Infantes Sala de Infantes Children's Area 2019-04-23 20.00 PI / 803.08 / B17 / V5 / e.2 SI00002779 2019-04-23 Libros-BMC  
No     Sala de Infantes Sala de Infantes Children's Area 2019-04-23 20.00 PI / 803.08 / B17 / V6 / e.2 SI00002780 2019-04-23 Libros-BMC  
No     Sala de Infantes Sala de Infantes Book Cart 2025-04-07 5.00 PI / 803.08 / B17 SI00004983 2025-04-07 Libros-BMC Donación

Powered by Koha